| 000 | 00624cas a22001935a 4500 | ||
|---|---|---|---|
| 001 | L157545 | ||
| 008 | 130115d19621987xxkux eng u | ||
| 035 | _a(Sirsi) u157545 | ||
| 041 | 0 | _aeng | |
| 110 | 2 |
_aRoyal Institution of Chartered Surveyors _94900 |
|
| 245 | 0 | 0 | _aCandidates Guide to the Professional Examinations |
| 260 |
_aLondon _bRICS _c[196-?]-[198-?] |
||
| 362 | 0 | _aLondon: 1962-1987 | |
| 520 | _aSome copies of this publication are also shelved individually in the RICS publications run. | ||
| 554 | _aIrregular | ||
| 651 | 4 |
_aEngland and Wales _y1543- |
|
| 690 | _aBusiness and management | ||
| 942 | _n0 | ||
| 999 |
_c119385 _d119385 |
||